| 000 | 00361nam a2200133Ia 4500 | ||
|---|---|---|---|
| 008 | 220204s9999 xx 000 0 und d | ||
| 082 |
_aNR:62 _bDEV.2;1 |
||
| 245 | 0 | _aDevelopments in rubber technology. 2. Synthetic rubbers | |
| 260 |
_aLondon _bApplied Science _c1981 |
||
| 650 | _aSynthetic rubber | ||
| 700 | _aLee, K S | ||
| 700 | _aWhelan, A | ||
| 942 | _cBK | ||
| 999 |
_c38193 _d38193 |
||